000 00471nam a22001817a 4500
005 20251108172540.0
008 250721s9999 xx 000 0 ara d
082 1 4 _aم/616.003/موس
100 1 _aجميل، ألبيرو
245 1 0 _aموسوعة صحة الأسرة /
264 _bأديتوكربس،
300 _a10ج.
650 1 7 _aصحة الأسرة
650 1 7 _aالأمراض
650 1 7 _aالموسوعات
942 _2ddc
_cBK
999 _c82249
_d82249